Find the Stray Kids Music by the Lyrics - Statistiques

Statistiques générales
  • Ce quiz a été pris 934 fois
  • Le résultat moyen est 12 sur 15
Statistiques - réponses
Lyrics Music Name % Correct
I'm on a Hellevator Hellevator
98%
Aye Domino Domino
97%
Welcome to the Stray Kids hot megaverse Megaverse
97%
Luxurious like I'man S-Class Best of the best On First class S-Class
97%
Cookin' like a chef Im a 5 star Michelin God's Menu
96%
Blue CheeseCheddar Cheese Parmesan Cheese Cheese
95%
Boom, vamos, I knowthat you want it Chk chk boom
92%
A-B-C-D-E-F-G-IWanna send my code to you Case 143
90%
Hey, you wanna come in? Back Door
88%
Just feel the rock,We let it rock Lalalala
86%
Man, I'm not sorry, I'm dirty Thunderous
82%
Water WaterWalkin' on Walking On Water
79%
People think I'm bigbut I'm small Giant
59%
I just wanna be myself Levanter
43%
Stray Kids EverywhereAll Around The World District 9
39%
Aucun quiz correspondant
Distribution des résultats
% des personnes avec chaque résultat
Percentile par nombre de réponses
Votre historique - résultats
Vous n’avez pas pris ce quiz